Terremoto : en memoria de Enrique Gutiérrez /

Guardado en:
書目詳細資料
主要作者: Gutiérrez Martín del Campo, Enrique (autor)
其他作者: Valle, Luis del (compilación) (compilación), Gallardo, Rigoberto (compilación) (compilación)
格式: 圖書
語言:西班牙语
出版: México : editorial no identificada, 1987
標簽: 添加標簽
沒有標簽, 成為第一個標記此記錄!

MARC

LEADER 00000nam^a2200000^a^4500
001 000438401
005 20250526000000.0
009 20260310123244.783
037 |a Acervo ITESO - Biblioteca 
041 |a ESP 
091 |a FHM. 08807 
100 |a Gutiérrez Martín del Campo, Enrique  |e (autor) 
245 1 0 |a Terremoto :  |b en memoria de Enrique Gutiérrez / 
264 1 |a México :  |b editorial no identificada,  |c 1987 
300 |a 41 hojas ;  |c 28.5 cm. 
336 |a texto  |b txt  |2 rdacontenido 
337 |a sin mediación  |b n  |2 rdamedio 
338 |a volumen  |b nc  |2 rdasoporte 
649 |a XX 
700 |a Valle, Luis del  |e (compilación) 
700 |a Gallardo, Rigoberto  |e (compilación) 
910 |a Fondo Hugo B. Margáin 
920 |a Impresos - Libros 
930 |a Libros Antiguos y Raros 
905 |a 126 
901 |a 0500307459  |b IT2  |c LRA  |i D112276  |u 20250526 
902 |a https://opac.biblio.iteso.mx/vufind/Record/000438401